| 000 | 01213nam a2200301 c 4500 | ||
|---|---|---|---|
| 003 | BLK | ||
| 005 | 20180422115949.0 | ||
| 008 | 180411b bul|||||r ||||||| ||bul|| | ||
| 010 | _aKNG00203375000 | ||
| 040 | _aBLK | ||
| 041 |
_aBUL _cBUL |
||
| 080 |
_aРуска литература _b821.161.1 _x-31 _z821.161.1-31 |
||
| 100 | 1 |
_aЛюбимов, Михаил _eпърви автор _9346520 |
|
| 700 | 1 |
_aНаков, Сергей _eпрев. от рус. _9369227 |
|
| 700 | 1 |
_aКалугин, Олег _eпредг. от _9346521 |
|
| 139 |
_aЛюбимов, Михаил _bЛ 95 |
||
| 245 | 1 | 0 |
_aЖивотът и приключенията на Алекс Уилки, шпионин _bРоман _cМихаил Любимов; прев. от рус. Сергей Наков; предг. от Олег Калугин. |
| 257 | _aBGR | ||
| 260 |
_аСофия _bАрена _c1991 |
||
| 300 |
_a352 с. _c20 см |
||
| 380 | _aX | ||
| 500 | _aПрев. е направен от И ад следовал за ним, в сп. Огонек N 37-50, 1990 г. | ||
| 852 | _aЦб 167407 | ||
| 856 | 4 |
_qpdf _u |
|
| 856 | 4 |
_qpdf _u |
|
| 942 |
_cKNG _n0 |
||
| 944 |
_aCR _c17.03.2017 _kНора_Радева |
||
| 944 |
_aED _c17.03.2017 _kНора_Радева |
||
| 999 |
_c194151 _d194151 |
||